El Caleidoscopio de Darwin y Zapata : un análisis de las redes del campo académico a través de la revista Diá-logos de la Comunicación /

Guardat en:
Dades bibliogràfiques
Autor principal: Godoy Fajardo, Angela María (autor)
Format: Llibre
Idioma:espanyol
Publicat: Guadalajara, México : edición de autor, 2004
Etiquetes: Afegir etiqueta
Sense etiquetes, Sigues el primer a etiquetar aquest registre!

MARC

LEADER 00000nam^a2200000^a^4500
001 000591134
005 20250521000000.0
009 20260310132922.862
037 |a Acervo ITESO - Biblioteca 
041 |a ESP 
091 |a FCR. 00908 
100 |a Godoy Fajardo, Angela María  |e (autor) 
245 1 3 |a El Caleidoscopio de Darwin y Zapata :  |b un análisis de las redes del campo académico a través de la revista Diá-logos de la Comunicación / 
264 1 |a Guadalajara, México :  |b edición de autor,  |c 2004 
300 |a 2 v. (239, 328 p.) 
336 |a texto  |b txt  |2 rdacontenido 
337 |a sin mediación  |b n  |2 rdamedio 
338 |a volumen  |b nc  |2 rdasoporte 
649 |a XX 
910 |a Fondo Cristina Romo Gil 
920 |a Impresos - Libros 
930 |a Fondos Especiales 
905 |a 143 
901 |a 1100031136  |b IT2  |c ESP  |i D121295  |u 20250521 
901 |a 1100031127  |b IT2  |c ESP  |i D121296  |u 20250521 
902 |a https://opac.biblio.iteso.mx/vufind/Record/000591134